000 00788cam a22002651 4500
001 30398
003 BD-RjUL
005 20211209051546.0
008 140409s1957 enk 001 0 eng d
035 _a(BD-RjUL)30483
035 _a(OCoLC)373443
040 _aDLC
_cODaWU
_dOCoLC
_dUk
_dDLC
_dBD-RjUL
_beng
041 _aeng
082 0 4 _a164
_bWRL 1957
100 1 _aWright, G. H. von
_q(Georg Henrik),
_d1916-2003.
_987054
245 1 0 _aLogical studies /
_cG. H. von Wright.
260 _aLondon :
_bRoutledge and K. Paul ,
_c1957.
300 _a195 p. ;
_c21cm.
504 _aIncludes Index
650 0 _aLogic.
_992380
942 _2ddc
_cBK
999 _c30398
_d30398